[Event "Kieler Open 2015 Gruppe A"]
[Site "Kiel"]
[Date "2015.07.31"]
[Round "9.2"]
[White "Jahncke, Giso"]
[Black "Dgebuadze, Alexandre"]
[Result "1/2-1/2"]
[WhiteElo "2308"]
[BlackElo "2490"]
[PlyCount "40"]
[EventDate "2015.??.??"]

1. c4 c5 2. g3 Nc6 3. Bg2 g6 4. Nc3 Bg7 5. e3 d6 6. Nge2 Nh6 7. e4 Ng4 8. d3
Nd4 9. f3 Ne5 10. Nxd4 cxd4 11. Nd5 e6 12. Nf4 h5 13. O-O Bd7 14. Nh3 b5 15.
cxb5 Bxb5 16. Nf2 Rc8 17. f4 Nd7 18. a4 Bc6 19. b4 a6 20. Ba3 O-O 1/2-1/2

[Event "Kieler Open 2015 Gruppe A"]
[Site "Kiel"]
[Date "2015.07.31"]
[Round "9.3"]
[White "Stolz, Mike"]
[Black "Stopa, Jacek"]
[Result "1/2-1/2"]
[WhiteElo "2335"]
[BlackElo "2541"]
[PlyCount "107"]
[EventDate "2015.??.??"]

1. e4 e5 2. Nf3 Nc6 3. Bb5 a6 4. Ba4 Nf6 5. O-O b5 6. Bb3 Bc5 7. c3 d6 8. d4
Bb6 9. dxe5 Nxe5 10. Nxe5 dxe5 11. Qxd8+ Kxd8 12. Bg5 {=} 12... Ke7 13. Nd2 h6
14. Bxf6+ Kxf6 15. Nf3 Bb7 16. Bc2 g5 17. Rfd1 Rad8 18. Kf1 Rd6 19. Rxd6+ cxd6
20. Nd2 Rc8 21. Bb3 Bc5 22. a3 Ke7 23. Ke2 g4 24. Rc1 a5 25. Bd5 Bxd5 26. exd5
a4 27. h3 gxh3 28. g3 f5 29. Rh1 Kf6 30. Rxh3 Kg7 31. Rh4 e4 32. Rf4 Re8 33. b4
Bb6 34. Nf1 Re5 35. g4 Rxd5 36. gxf5 Re5 37. Ng3 e3 38. Rg4+ Kf8 39. fxe3 Bxe3
40. Kd3 Bc1 41. Rg6 Bxa3 42. Ne2 Rxf5 43. Rxh6 Bb2 44. Rxd6 a3 45. Ra6 Rf3+ 46.
Ke4 Rh3 47. Kd4 Ke7 48. Ke4 Kd7 49. Nd4 Bxc3 50. Nxb5 Bxb4 51. Kd5 Kc8 52. Kc4
Rh4+ 53. Kb3 Be7 54. Nxa3 1/2-1/2

[Event "Kieler Open 2015 Gruppe A"]
[Site "Kiel"]
[Date "2015.07.31"]
[Round "9.4"]
[White "Hoffmann, Hendrik"]
[Black "Lanka, Zigurds"]
[Result "0-1"]
[WhiteElo "2159"]
[BlackElo "2419"]
[PlyCount "66"]
[EventDate "2015.??.??"]

1. e4 c5 2. Nf3 e6 3. c3 d5 4. exd5 exd5 5. d4 a6 6. Bd3 Nf6 7. O-O Be7 8. Bg5
Nbd7 9. Re1 O-O 10. Nbd2 Bd6 11. Nf1 Qc7 12. Bh4 c4 13. Bc2 Nh5 14. Ng5 Nhf6
15. Nf3 b5 16. Ng3 g6 17. a4 b4 18. Rc1 a5 19. Ne2 b3 20. Bb1 Bb7 21. Qd2 Ne4
22. Qh6 f6 23. Bg3 Rae8 24. Bxd6 Qxd6 25. Bxe4 dxe4 26. Nd2 Nb6 27. Ng3 f5 28.
f3 e3 29. Rxe3 Rxe3 30. Nxf5 Rxf5 31. Qxe3 Bd5 32. Re1 Rf8 33. Qg5 Qf4 0-1

[Event "Kieler Open 2015 Gruppe A"]
[Site "Kiel"]
[Date "2015.07.31"]
[Round "9.5"]
[White "Voloshin, Leonid"]
[Black "Wichmann, Cliff"]
[Result "1/2-1/2"]
[WhiteElo "2417"]
[BlackElo "2358"]
[PlyCount "35"]
[EventDate "2015.??.??"]

1. d4 d5 2. c4 c6 3. e3 Bf5 4. Nc3 e6 5. Nf3 Nd7 6. Bd3 Bxd3 7. Qxd3 Ngf6 8.
O-O Be7 9. e4 dxe4 10. Nxe4 Nxe4 11. Qxe4 O-O 12. Bd2 c5 13. Bc3 cxd4 14. Bxd4
Qc7 15. b3 Rfd8 16. Rfd1 Bf6 17. Bxf6 Nxf6 18. Qe2 1/2-1/2

[Event "Kieler Open 2015 Gruppe A"]
[Site "Kiel"]
[Date "2015.07.31"]
[Round "9.6"]
[White "Krause, Jonah"]
[Black "Junge, Ralph"]
[Result "1-0"]
[WhiteElo "2259"]
[BlackElo "2214"]
[PlyCount "125"]
[EventDate "2015.??.??"]

1. d4 g6 2. c4 Bg7 3. e4 d6 4. Nc3 Nf6 5. h3 O-O 6. Nf3 e5 7. d5 a5 8. Bg5 Na6
9. Be2 Bd7 10. g4 Nc5 11. Nd2 c6 12. Be3 cxd5 13. cxd5 b5 14. Bxc5 dxc5 15.
Bxb5 Bxb5 16. Nxb5 Bh6 17. Nc3 Rb8 18. Nc4 Rb4 19. Qe2 Nd7 20. h4 Bf4 21. a3
Rb8 22. h5 Qg5 23. Kd1 Nf6 24. hxg6 fxg6 25. f3 h5 26. gxh5 Nxh5 27. Re1 Bg3
28. Rg1 Qf4 29. Kc2 Qxf3 30. Qxf3 Rxf3 31. Raf1 Rxf1 32. Rxf1 Bf4 33. Nxa5 g5
34. Nc6 Ra8 35. b4 cxb4 36. axb4 Nf6 37. b5 Nd7 38. Re1 Kf7 39. Rh1 Rg8 40. Ne2
Nc5 41. b6 Rg7 42. Ra1 Kg6 43. Ra7 Rb7 44. Rxb7 Nxb7 45. Nxf4+ exf4 46. Kd2 g4
47. Ke2 f3+ 48. Ke3 Nd6 49. Ne5+ Kh5 50. Nxf3 Nc4+ 51. Kf2 Nxb6 52. Ne5 Kh4 53.
Ke3 g3 54. Kf4 g2 55. Nf3+ Kh3 56. d6 Nd7 57. Ng1+ Kh2 58. Ne2 Nc5 59. Kf5 Nb3
60. d7 Nc1 61. d8=Q Nxe2 62. Qh4+ Kg1 63. Qe1+ 1-0

[Event "Kieler Open 2015 Gruppe A"]
[Site "Kiel"]
[Date "2015.07.31"]
[Round "9.7"]
[White "Johansson, Thomas"]
[Black "Friedel, Marcus"]
[Result "1-0"]
[WhiteElo "2203"]
[BlackElo "2121"]
[PlyCount "123"]
[EventDate "2015.??.??"]

1. d4 d5 2. c4 c6 3. cxd5 cxd5 4. Nc3 Nc6 5. Nf3 Nf6 6. Bf4 a6 7. e3 Bg4 8. Qb3
Bxf3 9. gxf3 Ra7 10. Rc1 e6 11. a3 Bd6 12. Bg3 O-O 13. Bd3 Na5 14. Qa2 b5 15.
a4 b4 16. Nb1 b3 17. Qa1 Bb4+ 18. Ke2 Nd7 19. Nc3 Nb6 20. Qb1 h5 21. Bf4 Bd6
22. Bxd6 Qxd6 23. f4 f6 24. Bh7+ Kf7 25. Bg6+ Kg8 26. Rcg1 e5 27. Qf5 exd4 28.
Qxh5 Rfa8 29. Bf5 Rf7 30. Bg6 Rfa7 31. Ne4 dxe4 32. Bh7+ Kf8 33. Bxe4 Rf7 34.
Bxa8 Nxa8 35. Qxa5 Rc7 36. Qh5 d3+ 37. Kf3 Qe6 38. Qh8+ Qg8 39. Qxg8+ Kxg8 40.
Rd1 Rd7 41. Rd2 Nb6 42. Rhd1 Nxa4 43. Rxd3 Rb7 44. R1d2 Rb5 45. Rd4 Nb6 46. Rd1
a5 47. Ke2 Rc5 48. R1d3 a4 49. Rb4 Rc6 50. Rd8+ Kh7 51. Rb8 Rc2+ 52. Kf3 Nd7
53. Ra8 Nc5 54. Rb5 Nd3 55. Rxa4 Rxf2+ 56. Kg3 Rxb2 57. Rd4 Nc1 58. Rd7 Re2 59.
Kf3 Rxh2 60. Rbb7 b2 61. Rxg7+ Kh8 62. Rgc7 1-0

[Event "Kieler Open 2015 Gruppe A"]
[Site "Kiel"]
[Date "2015.07.31"]
[Round "9.9"]
[White "Petri, Alexander"]
[Black "Weber, Benedikt"]
[Result "0-1"]
[WhiteElo "2167"]
[BlackElo "2009"]
[PlyCount "76"]
[EventDate "2015.??.??"]

1. d4 Nf6 2. Nf3 e6 3. e3 b6 4. Bd3 c5 5. O-O Be7 6. c3 O-O 7. Re1 Ba6 8. Bc2
Nc6 9. Nbd2 Rc8 10. Nf1 Qc7 11. Ng3 d5 12. e4 dxe4 13. Nxe4 cxd4 14. Nxd4 Rfd8
15. Nxf6+ Bxf6 16. Qh5 g6 17. Qf3 Bxd4 18. cxd4 Nxd4 19. Qf6 Qxc2 20. Be3 Ne2+
21. Rxe2 Qxe2 22. h4 Rd1+ 23. Kh2 Qxe3 24. fxe3 Rxa1 25. h5 gxh5 26. Qg5+ Kf8
27. Qh6+ Ke8 28. Qxh7 Rac1 29. Qg8+ Ke7 30. Qg5+ Kd7 31. Qxh5 Rf1 32. Qh4 Kc7
33. b4 Kb8 34. a4 Bb7 35. Qg3+ Ka8 36. Qd6 Rh8+ 37. Kg3 Rg8+ 38. Kh2 Rxg2+ 0-1

[Event "Kieler Open 2015 Gruppe A"]
[Site "Kiel"]
[Date "2015.07.31"]
[Round "9.10"]
[White "Voelzke, Ferdinand"]
[Black "Buchholz, Sebastian"]
[Result "1-0"]
[WhiteElo "2149"]
[BlackElo "2143"]
[PlyCount "83"]
[EventDate "2015.??.??"]

1. Nf3 c5 2. g3 b6 3. Bg2 Bb7 4. O-O Nf6 5. c4 g6 6. b3 Bg7 7. Bb2 d6 8. d4
cxd4 9. Nxd4 Bxg2 10. Kxg2 Qc8 11. Nc3 O-O 12. e3 Nbd7 13. Qe2 Ne5 14. Rac1
Qb7+ 15. e4 Rfe8 16. Nd5 Rad8 17. Nb5 Rd7 18. Rfd1 a6 19. Nbc3 Neg4 20. f3 Nxd5
21. Rxd5 e6 22. Rdd1 Nf6 23. g4 d5 24. e5 Nxg4 25. fxg4 d4+ 26. Ne4 Bxe5 27.
Qf3 f5 28. Nf2 Qc7 29. Nd3 Bxh2 30. c5 b5 31. c6 Rde7 32. Qh3 Be5 33. Nxe5 Qxe5
34. Bxd4 Qe2+ 35. Bf2 fxg4 36. Qe3 Qxe3 37. Bxe3 Rc8 38. Bb6 Kf7 39. c7 e5 40.
Rd8 Re8 41. Rxe8 Kxe8 42. Rd1 1-0

[Event "Kieler Open 2015 Gruppe A"]
[Site "Kiel"]
[Date "2015.07.31"]
[Round "9.11"]
[White "Ernst, Thomas"]
[Black "Magnussen, Helge"]
[Result "0-1"]
[WhiteElo "2349"]
[BlackElo "2054"]
[PlyCount "78"]
[EventDate "2015.??.??"]

1. e4 e6 2. d4 d5 3. Nd2 Nc6 4. Ngf3 Nf6 5. e5 Nd7 6. Nb3 a5 7. a4 Be7 8. Bb5
Na7 9. Bd3 b6 10. c3 c5 11. Nbd2 O-O 12. h4 f5 13. Nf1 Nc6 14. Bb5 Ndb8 15. Bg5
Ba6 16. Bxa6 Nxa6 17. Ng3 cxd4 18. cxd4 h6 19. Bxe7 Qxe7 20. O-O Qf7 21. Ne2 f4
22. Qd2 Rac8 23. Rac1 Nab4 24. Rc3 Qf5 25. Nh2 Qe4 26. Rfc1 Na2 27. f3 Nxc3 28.
fxe4 Nxe2+ 29. Qxe2 Nxd4 30. Qd3 Rxc1+ 31. Kf2 Rc2+ 32. Kf1 Rc1+ 33. Kf2 Rc2+
34. Kf1 f3 35. Qxd4 fxg2+ 36. Kg1 dxe4 37. Qxb6 Kh8 38. Qxe6 Rd8 39. Qg4 Rdd2
0-1

[Event "Kieler Open 2015 Gruppe A"]
[Site "Kiel"]
[Date "2015.07.31"]
[Round "9.12"]
[White "Zuse, Peter"]
[Black "Janse, Alexander"]
[Result "1-0"]
[WhiteElo "2256"]
[BlackElo "1936"]
[PlyCount "69"]
[EventDate "2015.??.??"]

1. e4 c5 2. Nf3 d6 3. d4 cxd4 4. Nxd4 Nf6 5. Nc3 a6 6. Bg5 Nbd7 7. Qe2 h6 8.
Bh4 Qa5 9. f4 Rg8 10. Bf2 g5 11. g3 b5 12. Nb3 Qc7 13. O-O-O Bb7 14. Bh3 b4 15.
Nd5 Nxd5 16. Bxd7+ Qxd7 17. exd5 a5 18. Kb1 a4 19. Nd4 Ra5 20. Qd2 Rxd5 21.
Qxb4 e5 22. Rhe1 Be7 23. Nf5 Rxd1+ 24. Rxd1 Qxf5 25. Qxb7 Kf8 26. Qa8+ Kg7 27.
Qxa4 gxf4 28. gxf4 Qxf4 29. Qxf4 exf4 30. Rg1+ Kf8 31. Rxg8+ Kxg8 32. a4 d5 33.
a5 Bd6 34. a6 Bb8 35. a7 1-0

[Event "Kieler Open 2015 Gruppe A"]
[Site "Kiel"]
[Date "2015.07.31"]
[Round "9.13"]
[White "Schäfer, Martin"]
[Black "Schnitzer, Peter"]
[Result "0-1"]
[WhiteElo "1978"]
[BlackElo "2178"]
[PlyCount "58"]
[EventDate "2015.??.??"]

1. e4 d5 2. exd5 Qxd5 3. Nc3 Qd8 4. Nf3 Nf6 5. d4 a6 6. g3 b5 7. Bg2 Bb7 8. O-O
e6 9. Ne5 Bxg2 10. Kxg2 Bd6 11. Qf3 Nbd7 12. Nxd7 Nxd7 13. Ne4 O-O 14. Nxd6
cxd6 15. h4 Qc7 16. c3 Nb6 17. Re1 Rfc8 18. Kh2 Qc6 19. Qg4 Kh8 20. h5 h6 21.
Qh4 b4 22. Bxh6 Qf3 23. Be3 bxc3 24. h6 g6 25. bxc3 Nd5 26. Kg1 Rxc3 27. Qg5
Kh7 28. Bf4 Rc2 29. Rf1 f6 0-1

[Event "Kieler Open 2015 Gruppe A"]
[Site "Kiel"]
[Date "2015.07.31"]
[Round "9.14"]
[White "Homuth, Manfred"]
[Black "Janse, Sebastian"]
[Result "1/2-1/2"]
[WhiteElo "2142"]
[BlackElo "1686"]
[PlyCount "123"]
[EventDate "2015.??.??"]

1. e4 e5 2. Nf3 Nc6 3. Bc4 Nf6 4. d3 Be7 5. O-O d6 6. a4 Bg4 7. h3 Bh5 8. c3
Na5 9. Ba2 Qd7 10. Re1 h6 11. b4 Nc6 12. b5 Nd8 13. d4 Ne6 14. g4 Bg6 15. Bxe6
Qxe6 16. d5 Qd7 17. Nbd2 h5 18. Nh2 hxg4 19. hxg4 Nh7 20. f3 Bh4 21. Re2 Ng5
22. Kg2 Qe7 23. Ndf1 Qf6 24. Qd3 Nh7 25. Be3 Bg5 26. Bf2 Bf4 27. Ng3 Ng5 28.
Rh1 Nh3 29. Nhf1 Bxg3 30. Bxg3 Nf4+ 31. Bxf4 Rxh1 32. Kxh1 Qxf4 33. Qe3 Qxe3
34. Nxe3 Ke7 35. Kg2 a5 36. Re1 b6 37. Rh1 Kf6 38. Kg3 Re8 39. c4 Kg5 40. Rd1
Rd8 41. Rh1 Re8 42. Nd1 Kf6 43. Nf2 Kg5 44. Nh3+ Kf6 45. g5+ Ke7 46. Nf2 Rg8
47. f4 exf4+ 48. Kxf4 f6 49. gxf6+ Kxf6 50. Ng4+ Ke7 51. Kg5 Be8 52. Ne3 Bd7
53. Nf5+ Bxf5 54. exf5 Kf7 55. Re1 Re8 56. Re6 Re7 57. Rxe7+ Kxe7 58. Kg6 Kf8
59. f6 gxf6 60. Kxf6 Ke8 61. Ke6 Kd8 62. Kf7 1/2-1/2

[Event "Kieler Open 2015 Gruppe A"]
[Site "Kiel"]
[Date "2015.07.31"]
[Round "9.15"]
[White "Koop, Sören"]
[Black "Haffner, Alexander"]
[Result "1-0"]
[WhiteElo "2070"]
[BlackElo "2136"]
[PlyCount "77"]
[EventDate "2015.??.??"]

1. e4 c5 2. Nf3 e6 3. d4 cxd4 4. Nxd4 Nf6 5. Nc3 d6 6. Be3 a6 7. Be2 Nc6 8. O-O
Be7 9. f4 Qc7 10. Qe1 O-O 11. Qf2 Nxd4 12. Bxd4 b5 13. Bf3 Nd7 14. a3 Bb7 15.
Rad1 Rac8 16. Rfe1 e5 17. Be3 exf4 18. Bxf4 Ne5 19. Re2 Rfd8 20. Nd5 Bxd5 21.
Rxd5 Bf6 22. c3 Rb8 23. Be3 a5 24. Rc2 Nc4 25. Bd4 Ne5 26. b4 axb4 27. axb4 Ra8
28. h3 Ra1+ 29. Kh2 Rb8 30. Be2 Qd7 31. c4 Rb1 32. c5 Rxb4 33. cxd6 Qe6 34. Qg3
Rxd4 35. Rxd4 Nd7 36. Bg4 Bxd4 37. Bxe6 Be5 38. Bxd7 Bxg3+ 39. Kxg3 1-0

[Event "Kieler Open 2015 Gruppe A"]
[Site "Kiel"]
[Date "2015.07.31"]
[Round "9.16"]
[White "Wanner, Lukas"]
[Black "Pick, Stefan"]
[Result "1-0"]
[WhiteElo "1944"]
[BlackElo "2101"]
[PlyCount "55"]
[EventDate "2015.??.??"]

1. d4 c5 2. e3 e6 3. Nf3 Nf6 4. Bd3 Nc6 5. O-O Qc7 6. a3 b6 7. b3 Bb7 8. Bb2
Bd6 9. Nbd2 cxd4 10. exd4 Ng4 11. h3 Nh2 12. Re1 Nxf3+ 13. Nxf3 O-O-O 14. c4 f6
15. b4 g5 16. d5 Ne5 17. c5 Nxf3+ 18. Qxf3 bxc5 19. Rac1 Bxd5 20. Be4 Bxe4 21.
Qxe4 Rhf8 {=} 22. bxc5 Be5 23. Rb1 Bxb2 24. Rxb2 Qc6 25. Qb4 d5 26. Rxe6 Qc7
27. Qb5 Rd7 28. Rc6 1-0

[Event "Kieler Open 2015 Gruppe A"]
[Site "Kiel"]
[Date "2015.07.31"]
[Round "9.17"]
[White "Rieper, Julian"]
[Black "Roth, Thorsten"]
[Result "0-1"]
[WhiteElo "1906"]
[BlackElo "2083"]
[PlyCount "94"]
[EventDate "2015.??.??"]

1. e4 d5 2. exd5 Qxd5 3. Nc3 Qa5 4. d4 c6 5. Nf3 Bf5 6. Bc4 e6 7. Bd2 Nf6 8.
Nd5 Qd8 9. Nxf6+ Qxf6 10. Qe2 Nd7 11. O-O-O Bg4 12. h3 Bxf3 13. gxf3 Nb6 14.
Bd3 O-O-O 15. Rhg1 Bd6 16. Kb1 h6 17. Rg4 Nd5 18. Be4 g5 19. h4 Nf4 20. Qc4 Bc7
21. Bxf4 Bxf4 22. Qa4 Kb8 23. Rd3 Rd6 24. Qb4 Rhd8 25. Rb3 Qe7 26. Bxc6 Rxd4
27. Qxb7+ Qxb7 28. Rxb7+ Kc8 29. c3 Rd1+ 30. Kc2 R1d2+ 31. Kb3 R8d6 32. Rxf7
Rxc6 33. Rxa7 Rb6+ 34. Kc4 Rdxb2 35. hxg5 hxg5 36. Ra4 Rxf2 37. Rg1 Rxf3 38.
Rh1 Rc6+ 39. Kb5 Rfxc3 40. Ra7 R3c5+ 41. Ka4 Rc7 42. Ra6 R5c6 43. Ra8+ Kb7 44.
Re8 Ra6+ 45. Kb5 Rb6+ 46. Ka4 Rc4+ 47. Ka5 Bd2# 0-1

[Event "Kieler Open 2015 Gruppe A"]
[Site "Kiel"]
[Date "2015.07.31"]
[Round "9.18"]
[White "Lorenzen, Jan-Hendrik"]
[Black "Plüg, Andreas"]
[Result "1/2-1/2"]
[WhiteElo "2018"]
[BlackElo "2295"]
[PlyCount "49"]
[EventDate "2015.??.??"]

1. e4 e6 2. g3 d5 3. Bg2 dxe4 4. Nc3 Bd7 5. Bxe4 Bc6 6. d3 Nf6 7. Bxc6+ Nxc6 8.
Nf3 Be7 9. Qe2 O-O 10. Bd2 a5 11. g4 Nb4 12. O-O-O Nfd5 13. Kb1 a4 14. a3 Nxc3+
15. Bxc3 Nd5 16. Be5 b5 17. c4 Nb6 18. Nd4 bxc4 19. dxc4 Qc8 20. Nb5 c6 21. Nd6
Qa6 22. Rhe1 Ra7 23. f4 Nd7 24. Bc3 Bf6 25. Bxf6 1/2-1/2

[Event "Kieler Open 2015 Gruppe A"]
[Site "Kiel"]
[Date "2015.07.31"]
[Round "9.19"]
[White "Bracker, Arne"]
[Black "Lippmann, Kai"]
[Result "1-0"]
[WhiteElo "2256"]
[BlackElo "1971"]
[PlyCount "109"]
[EventDate "2015.??.??"]

1. e4 c6 2. c4 d5 3. exd5 cxd5 4. cxd5 Qxd5 5. Nc3 Qa5 6. d4 e6 7. Nf3 Nf6 8.
Bd3 a6 9. O-O Bd6 10. Re1 O-O 11. Bg5 Nbd7 12. Qe2 h6 13. Bd2 Qh5 14. Rad1 Rb8
15. a4 Re8 16. Bb1 g5 17. h3 Bc7 {=} 18. Qc4 Bd6 19. Ne5 Kg7 20. Qd3 Bc7 21. g4
Qh4 22. Kg2 Nxe5 23. dxe5 Nxg4 24. Qh7+ Kf8 25. Ne4 a5 26. hxg4 Qxg4+ 27. Ng3
Bxe5 28. Qxh6+ Bg7 29. Qxg5 Qxg5 30. Bxg5 Bxb2 31. Bc1 Bxc1 32. Rxc1 Bd7 33.
Rc4 Bc6+ 34. Be4 Bxe4+ 35. Nxe4 Red8 36. Rb1 Rd5 37. Rc7 b5 38. Nc5 Rg5+ 39.
Kf1 Ke8 40. axb5 Rb6 41. Ne4 Rf5 42. Ra7 Rf4 43. Rc1 Kf8 44. Rc8+ Kg7 45. Nc3
a4 46. Rc5 Rb4 47. Rxa4 Rb2 48. Rg4+ Kf8 49. Rc7 Rc2 50. Rf4 f5 51. Rh4 Kg8 52.
Rd4 Rb8 53. Rd6 Rc1+ 54. Kg2 Re1 55. b6 1-0

[Event "Kieler Open 2015 Gruppe A"]
[Site "Kiel"]
[Date "2015.07.31"]
[Round "9.20"]
[White "Zimmermann, Manfred"]
[Black "Horn, Peter"]
[Result "0-1"]
[WhiteElo "1957"]
[BlackElo "2110"]
[PlyCount "66"]
[EventDate "2015.??.??"]

1. d4 g6 2. Nc3 Bg7 3. e4 d6 4. Be3 a6 5. Qd2 b5 6. Nge2 Bb7 7. Ng3 Nd7 8. Be2
Ngf6 9. f3 h5 10. h4 c6 11. Nd1 Qc7 12. c3 O-O 13. Bd3 e5 14. Nf2 d5 15. Ne2
Rfe8 16. O-O-O c5 17. Kb1 exd4 18. Bf4 Qb6 19. cxd4 c4 20. Bc2 dxe4 21. fxe4
Nxe4 22. Nxe4 Bxe4 23. Bxe4 Rxe4 24. d5 b4 25. Ng3 c3 26. Qc1 c2+ 27. Qxc2 Rxf4
28. Qc6 Rd8 29. Rhe1 Rf2 30. Re2 Rxe2 31. Nxe2 Qe3 32. Nc1 Qe4+ 33. Ka1 Nf6 0-1

[Event "Kieler Open 2015 Gruppe A"]
[Site "Kiel"]
[Date "2015.07.31"]
[Round "9.21"]
[White "Müller, Winus"]
[Black "Saglam, Bülent"]
[Result "1/2-1/2"]
[WhiteElo "1927"]
[BlackElo "2102"]
[PlyCount "86"]
[EventDate "2015.??.??"]

1. Nf3 Nf6 2. g3 b6 3. Bg2 Bb7 4. O-O e6 5. c4 c5 6. Nc3 Be7 7. b3 a6 8. Bb2
Qc7 9. e4 Nxe4 10. Nxe4 Bxe4 11. Bxg7 Rg8 12. Bb2 d6 13. d3 Bc6 14. Qe2 Nd7 15.
d4 Rg6 16. Rad1 cxd4 17. Bxd4 h5 18. Ne1 h4 19. Qh5 O-O-O 20. Bxc6 Qxc6 21. Ng2
e5 22. Be3 Bf6 23. Nxh4 Rh8 24. Qxh8+ Bxh8 25. Nxg6 fxg6 26. b4 Kc7 27. Rd5 b5
28. Rc1 bxc4 29. Ra5 d5 30. a4 d4 31. b5 axb5 32. axb5 Qb6 33. Rxc4+ Kb7 34.
Bd2 Nc5 35. Ra3 e4 36. Ba5 Qd6 37. Bb4 d3 38. Bxc5 d2 39. Ra7+ Kb8 40. Bxd6+
Kxa7 41. Rc7+ Kb6 42. Rc6+ Kb7 43. Rc7+ Kb6 1/2-1/2

[Event "Kieler Open 2015 Gruppe A"]
[Site "Kiel"]
[Date "2015.07.31"]
[Round "9.22"]
[White "Rosenburg, Hauke"]
[Black "Hilbig, Dieter"]
[Result "1-0"]
[WhiteElo "1862"]
[BlackElo "2067"]
[PlyCount "67"]
[EventDate "2015.??.??"]

1. c4 c5 2. Nc3 Nf6 3. Nf3 b6 4. g3 Bb7 5. Bg2 e6 6. O-O Be7 7. d4 cxd4 8. Nxd4
Bxg2 9. Kxg2 a6 10. e4 d6 11. f4 Qc7 12. Qe2 O-O 13. f5 Nc6 14. Nxc6 Qxc6 15.
fxe6 fxe6 16. Bd2 Rae8 17. Rac1 Qb7 18. Bf4 d5 19. exd5 exd5 20. Nxd5 Ba3 21.
Qf3 Nxd5 22. cxd5 Bxb2 23. Rc7 Rxf4 24. Rxb7 Rxf3 25. Rxf3 h6 26. Rxb6 Re2+ 27.
Kh3 Rd2 28. d6 Be5 29. Rxa6 Bxd6 30. Ra8+ Kh7 31. Rd8 h5 32. Rf7 h4 33. Rfd7
hxg3 34. hxg3 1-0

[Event "Kieler Open 2015 Gruppe A"]
[Site "Kiel"]
[Date "2015.07.31"]
[Round "9.23"]
[White "Pluska, Alexander"]
[Black "Reinhardt, Johannes"]
[Result "1-0"]
[WhiteElo "2030"]
[BlackElo "1875"]
[PlyCount "47"]
[EventDate "2015.??.??"]

1. d4 Nf6 2. Bg5 d5 3. Bxf6 gxf6 4. c4 c6 5. Nc3 dxc4 6. e4 Be6 7. d5 cxd5 8.
exd5 Bf5 9. Bxc4 Nd7 10. Nge2 Rc8 {=} 11. Nd4 Bg4 12. Be2 Bxe2 13. Qxe2 Nb6 14.
O-O Qd7 15. Rad1 Rg8 16. Rfe1 Nxd5 17. Ndb5 Nf4 18. Qe4 Rxg2+ 19. Kf1 Qg4 20.
Nd6+ Kd7 21. Qxb7+ Rc7 22. Nf5+ Ke8 23. Qb8+ Rc8 24. Qxc8# 1-0

[Event "Kieler Open 2015 Gruppe A"]
[Site "Kiel"]
[Date "2015.07.31"]
[Round "9.24"]
[White "Schulz, Gerhard"]
[Black "Sieweck, Philipp"]
[Result "0-1"]
[WhiteElo "1858"]
[BlackElo "2076"]
[PlyCount "28"]
[EventDate "2015.??.??"]

1. d4 Nf6 2. Nf3 g6 3. Nc3 d5 4. Bf4 a6 5. h3 Bg7 6. e3 O-O 7. Bd3 Nbd7 8. Ne5
e6 9. O-O c5 10. Nxd7 Nxd7 11. Bd6 Re8 12. dxc5 Qa5 13. Qg4 f5 14. Qa4 Bxc3 0-1

[Event "Kieler Open 2015 Gruppe A"]
[Site "Kiel"]
[Date "2015.07.31"]
[Round "9.25"]
[White "Keller, Harald"]
[Black "Schulz, Toni"]
[Result "1-0"]
[WhiteElo "2041"]
[BlackElo "1895"]
[PlyCount "65"]
[EventDate "2015.??.??"]

1. e4 d5 2. exd5 Qxd5 3. Nc3 Qa5 4. d4 c6 5. Bc4 Nf6 6. Bd2 Bf5 7. Nf3 e6 8.
Ne5 Nbd7 9. Nxd7 Nxd7 10. Nd5 Qd8 11. Ne3 Bg6 12. h4 Bd6 13. Qe2 b5 14. Bb3 Nf6
15. d5 Qd7 16. dxe6 fxe6 17. h5 Be4 18. f3 Bd5 19. h6 Bg3+ 20. Kf1 g6 21. Bxd5
Nxd5 22. Nxd5 cxd5 23. Rh3 Bd6 24. Bc3 O-O 25. Bg7 Rf7 26. Rh4 Re8 27. Kg1 e5
28. Rd1 e4 29. fxe4 Rxe4 30. Rxe4 dxe4 31. Qxe4 Re7 32. Qa8+ Re8 33. Rxd6 1-0

[Event "Kieler Open 2015 Gruppe A"]
[Site "Kiel"]
[Date "2015.07.31"]
[Round "9.26"]
[White "Götz, Dirk"]
[Black "Berenstein, Alexander"]
[Result "0-1"]
[WhiteElo "1798"]
[BlackElo "2030"]
[PlyCount "72"]
[EventDate "2015.??.??"]

1. d4 Nf6 2. Nf3 g6 3. Bg5 Bg7 4. h3 d5 5. Nbd2 O-O 6. e3 Qd6 7. Bf4 Qb6 8. b3
c5 9. c3 Nc6 10. Be2 Re8 11. O-O cxd4 12. cxd4 Nh5 13. Bh2 f5 14. Ne5 Nf6 15.
Nxc6 bxc6 16. Nf3 Ne4 17. Rc1 Bb7 18. Ne5 Rac8 19. f3 Nf6 20. g4 fxg4 21. hxg4
Red8 22. Kg2 c5 23. Rh1 cxd4 24. Rxc8 Rxc8 25. exd4 Qa5 26. a4 Qc3 27. Bf4 Qc2
28. Kg3 Rc3 29. Qxc2 Rxc2 30. Bd3 Rc3 31. Rc1 Rxb3 32. Bb5 Ne4+ 33. Kg2 Nc3 34.
Nc6 Bxc6 35. Bxc6 Bxd4 36. Bd2 Rb2 0-1

[Event "Kieler Open 2015 Gruppe A"]
[Site "Kiel"]
[Date "2015.07.31"]
[Round "9.27"]
[White "Raddatz, Michael"]
[Black "Saß, Patrick"]
[Result "1/2-1/2"]
[WhiteElo "2011"]
[BlackElo "1878"]
[PlyCount "138"]
[EventDate "2015.??.??"]

1. e4 c5 2. Nf3 e6 3. d4 cxd4 4. Nxd4 Nf6 5. Nc3 a6 6. Bd3 Nc6 7. Nxc6 bxc6 8.
O-O Be7 9. e5 Nd5 10. Ne4 O-O 11. c4 f5 12. Ng3 Nb4 13. Bb1 c5 14. Bd2 Nc6 15.
Bc3 d5 16. exd6 Qxd6 17. Ne2 e5 18. f4 e4 19. Bc2 Rd8 20. Qxd6 Rxd6 21. Rad1
Be6 22. Rxd6 Bxd6 23. b3 a5 24. g4 g6 25. Kf2 Kf7 26. Ke3 a4 27. gxf5 gxf5 28.
Rg1 Bf8 29. Ng3 axb3 30. axb3 Ra2 31. Rg2 Nb4 32. Bxb4 cxb4 33. Kd4 Ra5 34. Ke3
Bc5+ 35. Kd2 Bd7 36. Nh5 Bd4 37. Rg5 h6 38. Rg3 Bf2 39. Rg7+ Ke6 40. Rg6+ Ke7
41. Rxh6 e3+ 42. Kd3 Ra2 43. Ng3 Bxg3 44. hxg3 e2 45. Rh1 Bc6 46. Rh7+ Kd6 47.
Kxe2 Rxc2+ 48. Ke3 Rc3+ 49. Kd4 Rxg3 50. Rh6+ Kc7 51. Kc5 Bd7 52. Kxb4 Rg4 53.
Kc5 Rxf4 54. b4 Re4 55. b5 Re5+ 56. Kd4 Re6 57. Rh7 Rf6 58. Ke5 Rf8 59. c5 Kc8
60. c6 Be8 61. Kd6 f4 62. Rc7+ Kb8 63. Rb7+ Ka8 64. Kc7 Bxc6 65. bxc6 f3 66.
Rb1 Rf7+ 67. Kb6 Kb8 68. Rh1 Rf8 69. Ra1 Rf7 1/2-1/2

[Event "Kieler Open 2015 Gruppe A"]
[Site "Kiel"]
[Date "2015.07.31"]
[Round "9.28"]
[White "Boyens, Birger"]
[Black "Laufenburg, Frank"]
[Result "1-0"]
[WhiteElo "1969"]
[BlackElo "1746"]
[PlyCount "73"]
[EventDate "2015.??.??"]

1. e4 c6 2. d4 d5 3. e5 g6 4. f4 Bg7 5. g4 Nh6 6. h3 e6 7. Nf3 O-O 8. Bd3 f6 9.
g5 fxg5 10. Nxg5 c5 11. c3 cxd4 12. Rg1 Qe7 13. h4 Bd7 14. Qf3 Nc6 15. Qg3 Be8
16. b3 dxc3 17. Ba3 Nb4 18. Bxb4 Qxb4 19. Nxe6 c2+ 20. Nd2 Rc8 21. Rc1 Nf5 22.
Bxf5 Rxf5 23. Qd3 Qb6 24. Nd4 Rxf4 25. N4f3 Qc5 26. a4 b5 27. h5 bxa4 28. hxg6
h6 29. Rxc2 Qxc2 30. Qxd5+ Kh8 31. Ke2 Rxf3 32. Qxf3 axb3 33. Rh1 Bxg6 34. Qe3
Qc6 35. Rh2 Re8 36. Nf3 b2 37. Rxh6+ 1-0

[Event "Kieler Open 2015 Gruppe A"]
[Site "Kiel"]
[Date "2015.07.31"]
[Round "9.29"]
[White "Möller, Dustin"]
[Black "Gutschenreiter, Dorian"]
[Result "1-0"]
[WhiteElo "1947"]
[BlackElo "1865"]
[PlyCount "119"]
[EventDate "2015.??.??"]

1. d4 g6 2. c4 Bg7 3. Nc3 d6 4. e4 Nc6 5. Be3 e5 6. Nge2 f5 7. d5 Nce7 8. f3
Nf6 9. Nc1 O-O 10. Nd3 c6 11. Be2 cxd5 12. cxd5 Bd7 13. O-O f4 14. Bf2 g5 15.
a4 Ng6 16. Nb5 Qe7 17. Nxa7 g4 18. Nb5 g3 19. hxg3 fxg3 20. Bxg3 Nh5 21. Bh2
Bh6 22. Nf2 Be3 23. Ra3 Bc5 24. Rc3 Qh4 25. Rxc5 dxc5 26. Nd3 Ngf4 27. Nxf4
Nxf4 28. Bxf4 Rxf4 29. d6 Bc6 30. Nc7 Rxa4 31. Ne6 Rf7 32. Nxc5 Rd4 33. Qb3 b5
34. Bxb5 Bxb5 35. Qxb5 Rxd6 36. Qe8+ Rf8 37. Qxe5 Rg6 38. Nd7 Rf7 39. Rc1 Rxg2+
40. Kxg2 Rg7+ 41. Kf1 Qh3+ 42. Ke2 Rg2+ 43. Ke3 Qh6+ 44. f4 Qh3+ 45. Kd4 Qxd7+
46. Qd5+ Qxd5+ 47. exd5 Rxb2 48. Rc7 h5 49. d6 Kf8 50. Rh7 Ke8 51. Rxh5 Rb4+
52. Ke3 Kd7 53. Rd5 Rb8 54. Ke4 Re8+ 55. Kf5 Rf8+ 56. Kg4 Ke6 57. Rd1 Rg8+ 58.
Kh5 Kf5 59. Kh6 Kxf4 60. d7 1-0